01087nam a2200301Ia 450000500170000000800410001702000180005804100080007608200150008424501630009925000180026230000490028050000210032950000210035052100350037165000410040665000560044765000420050370000160054570000220056170000200058370000320060326400270063533600270066233700330068933800280072204000350075020220317001747.0170328s2016 enka g 000 0 und  a9781474915274 aspa04aR 500bC3200a100 cosas que saber sobre cienciactexto Alex Frith... [y otros tres] ; ilustraciones Federico Mariani y Jorge Martín ; traductor Antonio Navarro Gosálvez a1a. edición a127 páginasbIlustraciones en colorc25 cm aIncluye glosario aIncluye índice aRecomendado desde los 9 años142LEMBaCienciaxEnseñanza elemental142LEMBaCiencia y tecnologíaxEnseñanza elemental142LEMBaCienciavCuriosidades y enigmas1 aFrith, Alex1 aMariani, Federico1 aMartín, Jorge1 aNavarro Gosálvez, Antonio aLondresbUsbornec2016 atextobtxt2rdacontent asin mediaciónbn2rdamedia avolumenbnc2rdacarrier aCO-BoRNBPbspaerdacCO-BoRNBP